书目信息 |
| 题名: |
中国哲学通史
|
|
| 作者: | 郭齐勇 主编 ;吾淳 著 | |
| 分册: | ||
| 出版信息: | 南京 江苏人民出版社 2021.07 |
|
| 页数: | 557页 | |
| 开本: | 20cm | |
| 丛书名: | ||
| 单 册: | ||
| 中图分类: | B2 | |
| 科图分类: | ||
| 主题词: | 哲学--中国 | |
| 电子资源: | ||
| ISBN: | 978-7-214-23589-3 | |
| 000 | 01033nam0 2200253 450 | |
| 001 | 2460094230 | |
| 005 | 20241212170725.07 | |
| 010 | @a978-7-214-23589-3@dCNY128.00 | |
| 100 | @a20241212d2021 km y0chiy0120 ea | |
| 101 | 0 | @achi |
| 102 | @aCN@b320000 | |
| 200 | 1 | @a中国哲学通史@AZhong Guo Zhe Xue Tong Shi@e古代科学哲学卷@f郭齐勇主编;吾淳著@FGuo Qi Yong Zhu Bian;Wu Chun Zhu |
| 210 | @a南京@c江苏人民出版社@d2021.07 | |
| 215 | @a557页@d20cm | |
| 300 | @a学术版 | |
| 330 | @a 本书考察的是中国古代哲学与知识的关系, 这既包括知识对哲学的影响, 也包括哲学对知识的影响, 因此涉及哲学与科学共同使用的观念、概念及思维、方法, 此外还涉及知识、理性与神秘主义的关系。 叙述分六个时期 : 原始与三代、春秋战国、秦汉、魏晋南北朝与隋唐、宋元、明清。 | |
| 510 | 1 | @a= A history of Chinese philosophy |
| 517 | 1 | @a古代科学哲学卷@AGu Dai Ke Xue Zhe Xue Juan |
| 606 | 0 | @a哲学@x中国 |
| 690 | @aB2@v4 | |
| 701 | 0 | @a郭齐勇@AGuo Qi Yong@4主编 |
| 702 | 0 | @a吾淳@AWu Chun@4著 |
| 801 | 0 | @aCN@b河南城建学院图书馆@c20241212 |
| 905 | @dB2@eG8282 | |
| 中国哲学通史:古代科学哲学卷/郭齐勇主编;吾淳著.-南京:江苏人民出版社,2021.07 |
| 557页;20cm |
| 学术版 |
| ISBN 978-7-214-23589-3:CNY128.00 |
| 本书考察的是中国古代哲学与知识的关系, 这既包括知识对哲学的影响, 也包括哲学对知识的影响, 因此涉及哲学与科学共同使用的观念、概念及思维、方法, 此外还涉及知识、理性与神秘主义的关系。 叙述分六个时期 : 原始与三代、春秋战国、秦汉、魏晋南北朝与隋唐、宋元、明清。 |
| ● |
| 相关链接 |
|
|
|
正题名:中国哲学通史
索取号:B2/G8282
 
预约/预借
| 序号 | 登录号 | 条形码 | 馆藏地/架位号 | 状态 | 备注 |
| 1 | 1554380 | 215543801 | 马克思主义学院资料室/ [索取号:B2/G8282] | 在馆 |